[Event "8. Wunsiedel Schach-Festival Meisterturn"]
[Site "Wunsiedel"]
[Date "2014.05.30"]
[Round "4.20"]
[White "Rusche, Johannes"]
[Black "Ahlberg, Mario"]
[Result "1/2-1/2"]
[WhiteElo "2241"]
[BlackElo "2023"]
[PlyCount "87"]
[EventDate "2014.05.29"]

1. e4 Nf6 2. e5 Nd5 3. d4 d6 4. Nf3 g6 5. c4 Nb6 6. exd6 cxd6 7. h3 Bg7 8. Be2
O-O 9. O-O Nc6 10. Nc3 e5 11. Bg5 f6 12. Be3 h6 13. Qb3 Kh7 14. dxe5 dxe5 15.
Rfd1 Nd7 16. Ne4 Qe7 17. Nd6 b6 18. Qb5 Ndb8 19. Nxc8 Rxc8 20. c5 bxc5 21. Bxc5
a6 22. Qc4 Qb7 23. Qd5 Nd8 24. Bc4 Qxd5 25. Bxd5 Nbc6 26. Rac1 f5 27. Nd2 Rab8
28. b3 h5 29. Bd6 Rb7 30. Nc4 Bh6 31. Rc2 Nd4 32. Bxb7 Nxb7 33. Rb2 Nxd6 34.
Nxd6 Rd8 35. Rxd4 exd4 36. Nc4 d3 37. Rb1 Bg7 38. Kf1 Re8 39. Rd1 Bc3 40. f3
Rd8 41. Rc1 Bf6 42. Rd1 Kg7 43. Ke1 Re8+ 44. Kf1 1/2-1/2

[Event "8. Wunsiedel Schach-Festival Meisterturn"]
[Site "Wunsiedel"]
[Date "2014.05.30"]
[Round "4.21"]
[White "Wunder, Stefan"]
[Black "Schelle, Artur"]
[Result "0-1"]
[WhiteElo "2102"]
[BlackElo "2237"]
[PlyCount "86"]
[EventDate "2014.05.29"]

1. Nf3 g6 2. g3 d6 3. d4 Bg7 4. Bg2 Nf6 5. O-O O-O 6. Re1 Nbd7 7. e4 e5 8. dxe5
dxe5 9. b3 Re8 10. Bb2 Ng4 11. h3 Nh6 12. Nbd2 f6 13. Nc4 Nf7 14. Qe2 Bf8 15.
Red1 Bc5 16. a4 a5 17. Ne1 b6 18. h4 Ba6 19. Bf1 Qe7 20. Qg4 Nf8 21. Rd2 Rad8
22. Rad1 h5 23. Qf3 Bb7 24. Ne3 Rxd2 25. Rxd2 Rd8 26. Rxd8 Qxd8 27. Bc4 Kg7 28.
Nd3 Bxe3 29. fxe3 Qe7 30. g4 hxg4 31. Qxg4 Nd6 32. Ba3 c5 33. Bd5 Qd7 34. Qg3
Bxd5 35. exd5 Qf5 36. Bb2 Kh7 37. Kh2 Qe4 38. h5 gxh5 39. Qf2 Kg7 40. Ne1 Ng6
41. Nf3 Qxd5 42. Qg2 Qe4 43. Qd2 Nf5 0-1

[Event "8. Wunsiedel Schach-Festival Meisterturn"]
[Site "Wunsiedel"]
[Date "2014.05.30"]
[Round "4.22"]
[White "Schaarschmidt, Kay"]
[Black "Spitzl, Bertram"]
[Result "1-0"]
[WhiteElo "2049"]
[BlackElo "2223"]
[PlyCount "69"]
[EventDate "2014.05.29"]

1. e4 c6 2. d4 d5 3. exd5 cxd5 4. c4 Nf6 5. Nc3 g6 6. cxd5 Nxd5 7. Qb3 Nb6 8.
Nf3 Bg7 9. Bb5+ N8d7 10. a4 a5 11. O-O O-O 12. Ne4 Nf6 13. Nc5 Nbd5 14. Ne5 Nb4
15. Be3 b6 16. Ncd3 Be6 17. Qd1 Nfd5 18. Nxb4 Nxb4 19. Nc6 Qd6 20. Rc1 Bd5 21.
Ne5 Ra7 22. Qd2 Rd8 23. Bf4 Qf6 24. Rfe1 Ba8 25. Nd7 Raxd7 26. Bxd7 Qxd4 27.
Qxd4 Bxd4 28. Bb5 Bxb2 29. Rcd1 Rxd1 30. Rxd1 Nd5 31. Bh6 f5 32. Be8 Bb7 33. h4
Nf6 34. Bb5 Ng4 35. Bc4+ 1-0

[Event "8. Wunsiedel Schach-Festival Meisterturn"]
[Site "Wunsiedel"]
[Date "2014.05.30"]
[Round "4.23"]
[White "Zenker, Ulrich"]
[Black "Gradl, Winfried"]
[Result "1-0"]
[WhiteElo "2218"]
[BlackElo "1987"]
[PlyCount "97"]
[EventDate "2014.05.29"]

1. e4 c6 2. d3 d5 3. Nd2 e5 4. Ngf3 Bd6 5. g3 Nf6 6. Bg2 Bg4 7. h3 Bh5 8. O-O
O-O 9. Qe1 Re8 10. Nh4 Qc7 11. Ndf3 dxe4 12. dxe4 Nbd7 13. Nh2 Bg6 14. Nxg6
hxg6 15. Nf3 a5 16. a4 Nc5 17. Ng5 Rad8 18. Qc3 Ne6 19. Nxe6 Rxe6 20. Be3 Nd7
21. Qc4 b6 22. Bf3 Bc5 23. Bg4 Ree8 24. Bxd7 Qxd7 25. Bxc5 bxc5 26. Qxc5 Qd4
27. Qxd4 Rxd4 28. f3 Rb8 29. b3 Rbd8 30. Rae1 g5 31. Re3 c5 32. Rfe1 c4 33. Kf2
Rb8 34. Rc3 cxb3 35. cxb3 Rdb4 36. Ree3 f6 37. Red3 R8b7 38. Ke3 Kf7 39. Kd2
Kg6 40. Kc2 Kh6 41. Rd5 Ra7 42. Rcc5 Rab7 43. Rb5 Rc7+ 44. Rdc5 Rd7 45. Rxa5
Rbd4 46. Rd5 Rc7+ 47. Rac5 Rb7 48. Rxd4 exd4 49. Kb2 1-0

[Event "8. Wunsiedel Schach-Festival Meisterturn"]
[Site "Wunsiedel"]
[Date "2014.05.30"]
[Round "4.24"]
[White "Hiemer, Bernd"]
[Black "Knechtel, Roland"]
[Result "0-1"]
[WhiteElo "2003"]
[BlackElo "2216"]
[PlyCount "106"]
[EventDate "2014.05.29"]

1. e4 c6 2. d3 g6 3. g3 Bg7 4. Bg2 e5 5. Ne2 f5 6. Nd2 Nf6 7. O-O d5 8. c4 d4
9. f4 exf4 10. Rxf4 Bh6 11. e5 Bxf4 12. gxf4 Ng4 13. Nf3 c5 14. b4 Nc6 15. bxc5
Qe7 16. h3 Nh6 17. Nexd4 Qxc5 18. Be3 Nxd4 19. Bxd4 Qe7 20. Ng5 Ng8 21. Bd5 h6
22. Nf7 Rh7 23. Nd6+ Kf8 24. Rb1 Qh4 25. Qf3 g5 26. fxg5 Qxd4+ 27. Kh1 hxg5 28.
Nxc8 Qxe5 29. Nd6 Qxd6 30. Qxf5+ Qf6 31. Qxh7 Ne7 32. Bg2 Nf5 33. Qc7 Re8 34.
Qc5+ Kg8 35. Kh2 Ne3 36. Re1 Qf4+ 37. Kh1 b6 38. Qc6 Re5 39. Qg6+ Kf8 40. Qd6+
Kg7 41. d4 Ng4 42. Qxe5+ Nxe5 43. dxe5 Qd2 44. Re4 Kf7 45. e6+ Ke7 46. a4 Qd1+
47. Kh2 Qxa4 48. Kg3 Qc2 49. Bf3 Qd2 50. Kg4 a5 51. Kf5 Qd3 52. Bg4 a4 53. Ke5
a3 0-1

[Event "8. Wunsiedel Schach-Festival Meisterturn"]
[Site "Wunsiedel"]
[Date "2014.05.30"]
[Round "4.25"]
[White "Grimm, Julius"]
[Black "Grill, Bernd"]
[Result "1-0"]
[WhiteElo "1939"]
[BlackElo "2205"]
[PlyCount "67"]
[EventDate "2014.05.29"]

1. d4 Nf6 2. c4 c5 3. d5 e5 4. Nc3 d6 5. e4 Nbd7 6. Bd3 Be7 7. Be3 Nf8 8. f3 h5
9. h4 a6 10. Qd2 Ng6 11. g3 Bd7 12. a4 Qb8 13. Kf2 Bd8 14. Nge2 Ba5 15. Qc2 Kf8
16. Nc1 Qe8 17. Nb3 Bxc3 18. Qxc3 Bxa4 19. Nd2 Bd7 20. b4 b6 21. bxc5 bxc5 22.
Qa5 Bc8 23. Bc2 Nd7 24. Ba4 Ke7 25. Bxd7 Qxd7 26. Rhb1 Rd8 27. Rb6 f6 28. Rxd6
Qe8 29. Rxd8 Qxd8 30. Bxc5+ Ke8 31. Qxd8+ Kxd8 32. Bb6+ Kd7 33. c5 Ne7 34. Nc4
1-0

[Event "8. Wunsiedel Schach-Festival Meisterturn"]
[Site "Wunsiedel"]
[Date "2014.05.31"]
[Round "5.5"]
[White "Nisipeanu, Liviu-Dieter"]
[Black "Strutinskaya, Galina"]
[Result "1-0"]
[WhiteElo "2691"]
[BlackElo "2296"]
[PlyCount "53"]
[EventDate "2014.05.29"]

1. d4 d5 2. c4 e6 3. Nc3 c6 4. e4 dxe4 5. Nxe4 Bb4+ 6. Nc3 Ne7 7. Nf3 c5 8. a3
Bxc3+ 9. bxc3 Nbc6 10. Ra2 O-O 11. Rd2 Re8 12. Bd3 Ng6 13. O-O Qf6 14. Be4 Nf8
15. Re1 h6 16. dxc5 Qxc3 17. Bb2 Qa5 18. Qa1 f6 19. Bxf6 gxf6 20. Qxf6 Re7 21.
Bxc6 Rf7 22. Qxh6 bxc6 23. Re5 Rg7 24. Rh5 Qc3 25. Qh8+ Kf7 26. Ne5+ Ke8 27.
Rd8+ 1-0

[Event "8. Wunsiedel Schach-Festival Meisterturn"]
[Site "Wunsiedel"]
[Date "2014.05.31"]
[Round "5.6"]
[White "Sumets, Andrey"]
[Black "Schulz, Karsten"]
[Result "1-0"]
[WhiteElo "2633"]
[BlackElo "2282"]
[PlyCount "76"]
[EventDate "2014.05.29"]

1. e4 g6 2. d4 Bg7 3. Nf3 d6 4. Bd3 Nf6 5. O-O O-O 6. Re1 c5 7. dxc5 dxc5 8.
Qe2 Bg4 9. Nbd2 Nc6 10. h3 Nd4 11. Qd1 Nxf3+ 12. Nxf3 Bxf3 13. Qxf3 Nd7 14. Bf1
Qc7 15. c3 Rad8 16. Bf4 Qb6 17. e5 e6 18. Qe2 Qc7 19. h4 Nb6 20. h5 Rfe8 21. g3
Rd7 22. hxg6 hxg6 23. a4 Nd5 24. Bg5 Ne7 25. f4 Red8 26. Rad1 Bf8 27. Bg2 Rxd1
28. Rxd1 Rd7 29. Kh2 b6 30. g4 Nd5 31. Qb5 a6 32. Qxa6 Ne3 33. Rxd7 Qxd7 34.
Bf3 c4 35. Qa8 Qd2+ 36. Kh3 Nf1 37. Bg2 Qe1 38. Bh4 Qc1 1-0

[Event "8. Wunsiedel Schach-Festival Meisterturn"]
[Site "Wunsiedel"]
[Date "2014.05.31"]
[Round "5.7"]
[White "Vovk, Andrey"]
[Black "Hilverda, Alexander"]
[Result "1-0"]
[WhiteElo "2622"]
[BlackElo "2273"]
[PlyCount "65"]
[EventDate "2014.05.29"]

1. e4 c5 2. Nf3 e6 3. d4 cxd4 4. Nxd4 Nc6 5. Nc3 Qc7 6. Be3 a6 7. Qd2 Nf6 8.
O-O-O Be7 9. f3 b5 10. Nxc6 dxc6 11. Qf2 c5 12. g4 h6 13. h4 Bb7 14. Bg2 Nd7
15. Ne2 O-O-O 16. Bf4 e5 17. Be3 c4 18. Kb1 Nc5 19. Nc3 b4 20. Nd5 Bxd5 21.
exd5 Qa5 22. f4 e4 23. Rd4 c3 24. Rc4 Rxd5 25. Bxe4 Rhd8 26. Bxd5 Rxd5 27. Qf3
Qd8 28. Rxb4 cxb2 29. g5 Qd7 30. Bxc5 Bxc5 31. Re4 Kb8 32. Re5 Rxe5 33. fxe5
1-0

[Event "8. Wunsiedel Schach-Festival Meisterturn"]
[Site "Wunsiedel"]
[Date "2014.05.31"]
[Round "5.8"]
[White "Stocek, Jiri"]
[Black "Promyshlyanskyy, Vitaliy"]
[Result "1-0"]
[WhiteElo "2540"]
[BlackElo "2235"]
[PlyCount "63"]
[EventDate "2014.05.29"]

1. d4 Nf6 2. c4 g6 3. Nc3 Bg7 4. e4 d6 5. h3 O-O 6. Be3 c5 7. d5 b5 8. cxb5 a6
9. a4 Qa5 10. Bd2 Qb4 11. Bd3 c4 12. Bc2 Nbd7 13. Nge2 Bb7 14. O-O axb5 15. Nd4
Qc5 16. Be3 Qc7 17. Ncxb5 Qc8 18. Qe2 Ra6 19. Rfc1 Nc5 20. Qxc4 Ncxe4 21. Bxe4
Qxc4 22. Rxc4 Nxe4 23. Nc6 Bxc6 24. Rxc6 Rfa8 25. Rxa6 Rxa6 26. Nc7 Ra5 27. b4
Rxd5 28. Nxd5 Bxa1 29. a5 e6 30. a6 exd5 31. a7 d4 32. Bh6 1-0

[Event "8. Wunsiedel Schach-Festival Meisterturn"]
[Site "Wunsiedel"]
[Date "2014.05.31"]
[Round "5.9"]
[White "Meister, Jakob"]
[Black "Wisnet, Dominic"]
[Result "1-0"]
[WhiteElo "2476"]
[BlackElo "2189"]
[PlyCount "125"]
[EventDate "2014.05.29"]

1. e4 c5 2. c3 d5 3. Bb5+ Bd7 4. Bxd7+ Qxd7 5. d3 Nc6 6. Nd2 g6 7. Ngf3 Bg7 8.
O-O e5 9. Re1 Nge7 10. a3 O-O 11. b4 cxb4 12. axb4 dxe4 13. dxe4 Qd3 14. Re3
Qb5 15. Qf1 Qxf1+ 16. Kxf1 b5 17. Nb3 Rfd8 18. Ke2 Nc8 19. Ra6 Nb6 20. Rd3 Rxd3
21. Kxd3 Rd8+ 22. Ke2 Rc8 23. Bd2 Bf8 24. Na5 Nxa5 25. Rxa5 Na4 26. Rxb5 f6 27.
Kd3 Nb2+ 28. Kc2 Nc4 29. Rb7 Nd6 30. Rxa7 Nxe4 31. Kb3 Nxf2 32. c4 Rd8 33. Bc3
Nd1 34. Ne1 Bh6 35. Ra2 Be3 36. c5 Kf7 37. Kc4 Bd4 38. Bd2 e4 39. Bf4 g5 40.
Bd6 Bf2 41. Nc2 f5 42. b5 f4 43. Ra7+ Kg6 44. b6 f3 45. gxf3 exf3 46. Ra1 Nb2+
47. Kc3 Nd3 48. b7 Nxc5 49. b8=Q Ne4+ 50. Kd3 Nc5+ 51. Kc4 Rxb8 52. Bxb8 Ne4
53. Be5 g4 54. Bd4 Kg5 55. Bxf2 Nxf2 56. Kd4 h5 57. Ke3 Nh3 58. Nd4 f2 59. Ra5+
Kg6 60. Ke2 h4 61. Nf5 Kg5 62. Ne3+ Kf4 63. Ra4+ 1-0

[Event "8. Wunsiedel Schach-Festival Meisterturn"]
[Site "Wunsiedel"]
[Date "2014.05.31"]
[Round "5.11"]
[White "Baldauf, Marco"]
[Black "Schaarschmidt, Kay"]
[Result "1-0"]
[WhiteElo "2407"]
[BlackElo "2049"]
[PlyCount "77"]
[EventDate "2014.05.29"]

1. d4 d5 2. c4 c6 3. Nc3 Nf6 4. e3 Bf5 5. Nf3 e6 6. Nh4 Be4 7. f3 Bg6 8. Qb3
Qc7 9. Bd2 Nbd7 10. g3 Bd6 11. O-O-O O-O 12. Nxg6 hxg6 13. cxd5 exd5 14. Kb1 b5
15. Bg2 a5 16. e4 a4 17. Qc2 b4 18. Nxa4 Be7 19. e5 Nh7 20. b3 Rfc8 21. f4 Nhf8
22. g4 Nb6 23. Nc5 Qa7 24. h4 Nc4 25. Bc1 Bxc5 26. dxc5 Ne6 27. Ka1 Nxc5 28.
Rh3 Na3 29. Bxa3 Qxa3 30. h5 gxh5 31. gxh5 Nd7 32. h6 g6 33. Rg3 Kh7 34. Bh3
Qa7 35. e6 Nf8 36. exf7 Rd8 37. Be6 Qe7 38. f5 Qf6+ 39. Kb1 1-0

[Event "8. Wunsiedel Schach-Festival Meisterturn"]
[Site "Wunsiedel"]
[Date "2014.05.31"]
[Round "5.12"]
[White "Schelle, Artur"]
[Black "Lampert, Jonas"]
[Result "0-1"]
[WhiteElo "2237"]
[BlackElo "2397"]
[PlyCount "70"]
[EventDate "2014.05.29"]

1. e4 e5 2. Nf3 Nc6 3. Bc4 Nf6 4. d3 Bc5 5. c3 O-O 6. O-O d6 7. Bb3 a6 8. h3 h6
9. Nbd2 Ba7 10. Re1 Be6 11. Nf1 d5 12. Qe2 Re8 13. N3h2 Ne7 14. Qf3 Ng6 15. Ng4
Nxg4 16. hxg4 dxe4 17. dxe4 Qh4 18. Nh2 Rad8 19. g3 Qh3 20. Bxe6 Rxe6 21. Qg2
Qxg2+ 22. Kxg2 Rf6 23. Nf3 Rd3 24. Be3 Bxe3 25. Rxe3 Rxe3 26. fxe3 Rd6 27. Kf2
f6 28. Ke2 Nf8 29. c4 Ne6 30. b4 Kf7 31. a4 Rb6 32. b5 Nc5 33. Nd2 Rd6 34. Ra3
Kg6 35. Nb3 Rd3 0-1

[Event "8. Wunsiedel Schach-Festival Meisterturn"]
[Site "Wunsiedel"]
[Date "2014.05.31"]
[Round "5.13"]
[White "Knechtel, Roland"]
[Black "Schmidt, Raul"]
[Result "0-1"]
[WhiteElo "2216"]
[BlackElo "2356"]
[PlyCount "76"]
[EventDate "2014.05.29"]

1. d4 Nf6 2. Nf3 g6 3. c4 Bg7 4. Nc3 d6 5. e4 O-O 6. Be2 e5 7. O-O Nc6 8. d5
Ne7 9. Ne1 Nd7 10. Be3 f5 11. f3 f4 12. Bf2 g5 13. Rc1 Ng6 14. b4 Nf6 15. c5
Rf7 16. cxd6 cxd6 17. Nb5 g4 18. Qc2 g3 19. hxg3 fxg3 20. Bxg3 Bh6 21. Rb1 Nh5
22. Bf2 Ngf4 23. g4 Nh3+ 24. Kh1 Bxg4 25. Nxd6 Qxd6 26. Bc5 Qf6 27. fxg4 Ng3+
28. Kh2 Nxf1+ 29. Kxh3 Qf4 30. Bxf1 Qxf1+ 31. Ng2 Qf3+ 32. Kh2 Qxg4 33. Rb3 Rf3
34. d6 b6 35. Qc4+ Kh8 36. Qd5 Bf4+ 37. Kg1 Rg8 38. Rb2 Rg3 0-1

[Event "8. Wunsiedel Schach-Festival Meisterturn"]
[Site "Wunsiedel"]
[Date "2014.05.31"]
[Round "5.14"]
[White "Troyke, Christian"]
[Black "Hecht, Carsten"]
[Result "1-0"]
[WhiteElo "2332"]
[BlackElo "2121"]
[PlyCount "65"]
[EventDate "2014.05.29"]

1. g3 Nf6 2. Bg2 e5 3. c4 c6 4. d3 d5 5. Nf3 Bd6 6. cxd5 cxd5 7. O-O O-O 8. Nc3
Nbd7 9. Nh4 d4 10. Nf5 Bb8 11. Ne4 Nxe4 12. dxe4 Nc5 13. Qc2 b6 14. b4 Ne6 15.
Rd1 Bb7 16. e3 g6 17. Nh6+ Kh8 18. f4 Qe7 19. f5 Nd8 20. exd4 exd4 21. Bb2 Be5
22. Ng4 f6 23. Bxd4 Bxd4+ 24. Rxd4 Nc6 25. Rc4 Rac8 26. Qc3 b5 27. Rc5 Nxb4 28.
Rxc8 Bxc8 29. e5 gxf5 30. exf6 Qf7 31. Ne5 Qxf6 32. Qxb4 Re8 33. Re1 1-0

[Event "8. Wunsiedel Schach-Festival Meisterturn"]
[Site "Wunsiedel"]
[Date "2014.05.31"]
[Round "5.15"]
[White "Seyb, Alexander"]
[Black "Grimm, Julius"]
[Result "1/2-1/2"]
[WhiteElo "2383"]
[BlackElo "1939"]
[PlyCount "111"]
[EventDate "2014.05.29"]

1. e4 c6 2. d4 d5 3. e5 Bf5 4. Nf3 e6 5. Be2 Nd7 6. Nbd2 h6 7. O-O Bh7 8. Nb3
Ne7 9. a4 Nf5 10. a5 a6 11. c4 dxc4 12. Bxc4 Ne7 13. Qe2 Nd5 14. Nfd2 Be7 15.
Ne4 O-O 16. Bd2 Rc8 17. Rac1 Bxe4 18. Qxe4 f5 19. exf6 Rxf6 20. Bd3 Bd6 21. g3
Bb4 22. Bxb4 Nxb4 23. Bb1 Rc7 24. f4 Nf8 25. Rc5 Rd7 26. Rc4 Nd5 27. Re1 Re7
28. Bc2 Ref7 29. Bd1 Re7 30. Bf3 Ref7 31. Bg2 Qc7 32. Rc2 Qd8 33. Rce2 Re7 34.
Qc2 Nc7 35. Qc4 Nb5 36. Re5 Rd7 37. Rd1 Kh8 38. Nc5 Re7 39. b4 Nd6 40. Qe2 Nf5
41. Bh3 Qe8 42. d5 cxd5 43. Bxf5 Rxf5 44. Rdxd5 Ng6 45. Rxf5 exd5 46. Qd3 Re3
47. Re5 Re1+ 48. Rxe1 Qxe1+ 49. Kg2 Qxb4 50. Qxd5 Qxa5 51. f5 Ne7 52. Qd6 b6
53. Qxe7 Qxc5 54. Qe8+ Kh7 55. Qg6+ Kh8 56. Qe8+ 1/2-1/2

[Event "8. Wunsiedel Schach-Festival Meisterturn"]
[Site "Wunsiedel"]
[Date "2014.05.31"]
[Round "5.16"]
[White "Bottema, Martin"]
[Black "Köpke, Christian"]
[Result "0-1"]
[WhiteElo "2100"]
[BlackElo "2329"]
[PlyCount "68"]
[EventDate "2014.05.29"]

1. d4 Nf6 2. c4 g6 3. Nc3 Bg7 4. e4 d6 5. h3 O-O 6. Be3 e5 7. d5 Na6 8. Nf3 Nc5
9. Qc2 Nh5 10. b4 Na6 11. a3 f5 12. Be2 Nf4 13. O-O Nxe2+ 14. Qxe2 f4 15. Bd2
h5 16. Nh2 Rf7 17. Rac1 Bf8 18. Nb5 Nb8 19. a4 Nd7 20. a5 Nf6 21. c5 g5 22.
cxd6 cxd6 23. Rc3 a6 24. Na3 Bd7 25. Rfc1 g4 26. Nc4 Rg7 27. Kh1 Rc8 28. Nb6
Rxc3 29. Rxc3 gxh3 30. gxh3 Bb5 31. Qf3 Qe8 32. Rc1 Qg6 33. Re1 Bd3 34. Ng4
Nxe4 0-1

[Event "8. Wunsiedel Schach-Festival Meisterturn"]
[Site "Wunsiedel"]
[Date "2014.05.31"]
[Round "5.17"]
[White "Wolf, Christoph"]
[Black "Schubert, Christian"]
[Result "1/2-1/2"]
[WhiteElo "2128"]
[BlackElo "2287"]
[PlyCount "35"]
[EventDate "2014.05.29"]

1. e4 c5 2. Nf3 d6 3. d4 cxd4 4. Nxd4 Nf6 5. Nc3 g6 6. Be2 Bg7 7. Be3 Nc6 8.
O-O O-O 9. Nb3 Be6 10. f4 Qd7 11. Qe1 Rfc8 12. Rd1 Bxb3 13. cxb3 Ng4 14. Bc1
Nd4 15. Bd3 e6 16. Qh4 f5 17. h3 Nh6 18. g4 1/2-1/2

[Event "8. Wunsiedel Schach-Festival Meisterturn"]
[Site "Wunsiedel"]
[Date "2014.05.31"]
[Round "5.18"]
[White "Bindig, Markus"]
[Black "Maurer, Jochen"]
[Result "0-1"]
[WhiteElo "2029"]
[BlackElo "2269"]
[PlyCount "88"]
[EventDate "2014.05.29"]

1. d4 Nf6 2. c4 e6 3. Nc3 d5 4. cxd5 exd5 5. Bg5 Be7 6. e3 c6 7. Bd3 Nbd7 8.
Nge2 Nf8 9. Qc2 Ne6 10. Bh4 g6 11. f3 O-O 12. O-O b6 13. Rad1 Bb7 14. Bf2 Rc8
15. e4 dxe4 16. fxe4 Ng4 17. Bc4 Nxf2 18. Rxf2 c5 19. d5 Nd4 20. Qd3 Bf6 21.
Rdf1 Be5 22. Qh3 Qd6 23. Kh1 a6 24. a4 Kg7 25. Nf4 Rce8 26. Nd3 Bc8 27. Qh4 f5
28. Nxe5 Qxe5 29. Qf4 Qxf4 30. Rxf4 fxe4 31. Rxf8 Rxf8 32. Rxf8 Kxf8 33. Nxe4
b5 34. axb5 axb5 35. Bf1 c4 36. Kg1 Bf5 37. Ng5 h6 38. Ne6+ Bxe6 39. dxe6 Ke7
40. Kf2 Kxe6 41. Ke3 Kd5 42. g3 Nf5+ 43. Kf4 Kd4 44. h4 Ne3 0-1

[Event "8. Wunsiedel Schach-Festival Meisterturn"]
[Site "Wunsiedel"]
[Date "2014.05.31"]
[Round "5.19"]
[White "Schmid, Roland (NT)"]
[Black "Lodici, Lorenzo"]
[Result "1/2-1/2"]
[WhiteElo "2243"]
[BlackElo "2134"]
[PlyCount "50"]
[EventDate "2014.05.29"]

1. Nf3 f5 2. g3 Nf6 3. Bg2 g6 4. O-O Bg7 5. d4 O-O 6. b3 d6 7. Bb2 Ne4 8. Nbd2
Nc6 9. e3 Nxd2 10. Qxd2 Qe8 11. b4 e5 12. b5 Nd8 13. dxe5 dxe5 14. Qd5+ Be6 15.
Qc5 e4 16. Nd4 c6 17. bxc6 Nxc6 18. Rfb1 Nxd4 19. Bxd4 b6 20. Qb4 Bxd4 21. Qxd4
Qc6 22. Bf1 Rac8 23. a4 Qxc2 24. a5 bxa5 25. Rb7 Rf7 1/2-1/2

[Event "8. Wunsiedel Schach-Festival Meisterturn"]
[Site "Wunsiedel"]
[Date "2014.05.31"]
[Round "5.20"]
[White "Ahlberg, Mario"]
[Black "Henrich, Thomas"]
[Result "0-1"]
[WhiteElo "2023"]
[BlackElo "2242"]
[PlyCount "54"]
[EventDate "2014.05.29"]

1. e4 e6 2. d4 d5 3. Nc3 Bb4 4. e5 c5 5. Bd2 Nh6 6. dxc5 Nc6 7. f4 Bxc5 8. Nh3
Nf5 9. g3 f6 10. exf6 Qxf6 11. Qh5+ g6 12. Qg5 Qg7 13. Qg4 Nb4 14. Bb5+ Kf8 15.
Ba4 e5 16. Qd1 Nd4 17. Nf2 Bf5 18. O-O e4 19. Kg2 Nf3 20. a3 Nc6 21. Nxd5 Nxd2
22. Qxd2 Rd8 23. Rad1 e3 24. Qc3 Bd4 25. Qc4 exf2 26. h3 Be4+ 27. Kh2 Bxd5 0-1

[Event "8. Wunsiedel Schach-Festival Meisterturn"]
[Site "Wunsiedel"]
[Date "2014.05.31"]
[Round "5.21"]
[White "Lorenz, Mark"]
[Black "Hartung, Thomas"]
[Result "1-0"]
[WhiteElo "2242"]
[BlackElo "2109"]
[PlyCount "73"]
[EventDate "2014.05.29"]

1. c4 e6 2. g3 d5 3. Nf3 Nf6 4. Bg2 c6 5. b3 Be7 6. Bb2 O-O 7. O-O Nbd7 8. d3
b6 9. Nbd2 Bb7 10. a3 Qc7 11. Qc2 c5 12. cxd5 Nxd5 13. Rac1 Rac8 14. Qb1 Qb8
15. Nc4 Rfd8 16. Rfd1 Bf6 17. Bxf6 N5xf6 18. b4 Bxf3 19. Bxf3 Ne5 20. Nxe5 Qxe5
21. bxc5 Rxc5 22. d4 Rxc1 23. Qxc1 Qd6 24. e4 Qd7 25. Qb2 Rc8 26. d5 exd5 27.
exd5 Qf5 28. Kg2 Ng4 29. Qd4 Ne5 30. Be4 Qf6 31. d6 Nd7 32. Qd5 Qe6 33. Re1
Qxd5 34. Bxd5 Nf6 35. Bb3 Rc3 36. Re8+ Nxe8 37. d7 1-0

[Event "8. Wunsiedel Schach-Festival Meisterturn"]
[Site "Wunsiedel"]
[Date "2014.05.31"]
[Round "5.22"]
[White "Drache, Georg"]
[Black "Rusche, Johannes"]
[Result "1-0"]
[WhiteElo "1945"]
[BlackElo "2241"]
[PlyCount "83"]
[EventDate "2014.05.29"]

1. d4 Nf6 2. Nf3 b6 3. g3 Bb7 4. Bg2 e6 5. O-O Be7 6. b3 O-O 7. Bb2 a5 8. Nbd2
a4 9. c4 a3 10. Bc3 Na6 11. Re1 Ne4 12. Nxe4 Bxe4 13. Nd2 Bxg2 14. Kxg2 d5 15.
e4 Bb4 16. Bxb4 Nxb4 17. cxd5 exd5 18. e5 Qc8 19. Nf3 Qf5 20. Re2 c5 21. Qd2
Rfe8 22. Rc1 Rac8 23. Qe3 Qd3 24. Qxd3 Nxd3 25. Rd1 c4 26. bxc4 dxc4 27. Rb1
Nb2 28. d5 Rc5 29. d6 Rd5 30. Re3 Ra8 31. Ne1 Nd1 32. Rf3 c3 33. Rd3 c2 34. Rc1
Rc5 35. Rxc2 Nb2 36. Rdc3 Rxc3 37. Rxc3 Kf8 38. Nc2 Ke8 39. Nxa3 Na4 40. Rc7
Nc5 41. Nc4 Nd7 42. Rxd7 1-0

[Event "8. Wunsiedel Schach-Festival Meisterturn"]
[Site "Wunsiedel"]
[Date "2014.05.31"]
[Round "5.23"]
[White "Koch, Christian"]
[Black "Löw, Gerald"]
[Result "0-1"]
[WhiteElo "1873"]
[BlackElo "2200"]
[PlyCount "104"]
[EventDate "2014.05.29"]

1. e4 c5 2. Nf3 g6 3. d4 cxd4 4. Nxd4 Bg7 5. Be3 Nf6 6. Nc3 Nc6 7. Nxc6 bxc6 8.
e5 Ng8 9. Bd4 f6 10. exf6 Nxf6 11. g3 O-O 12. Bg2 Ba6 13. Na4 Qa5+ 14. c3 Bc4
15. b3 Bd5 16. Bxd5+ Qxd5 17. O-O d6 18. c4 Qf5 19. Qe2 e5 20. Bb2 Rfe8 21.
Rad1 Rad8 22. Rfe1 e4 23. Rd2 Ng4 24. h3 e3 25. hxg4 exd2 26. Qxd2 Qxg4 27.
Bxg7 Kxg7 28. Kg2 Rxe1 29. Qxe1 Qd7 30. Qe3 Re8 31. Qd4+ Kg8 32. Nc3 Qg7 33.
Qd2 Qe5 34. Kf1 Kg7 35. Ne2 Qe4 36. Ng1 d5 37. cxd5 Qxd5 38. Qf4 Qd3+ 39. Kg2
Qe4+ 40. Qxe4 Rxe4 41. Kf3 Re1 42. Ne2 Ra1 43. Nd4 Rxa2 44. Nxc6 Kf6 45. Ke3 h5
46. f4 Ra3 47. Nd4 a5 48. Ke4 g5 49. Kd5 gxf4 50. gxf4 h4 51. Kc4 h3 52. Nf3 a4
0-1

[Event "8. Wunsiedel Schach-Festival Meisterturn"]
[Site "Wunsiedel"]
[Date "2014.05.31"]
[Round "5.24"]
[White "Schirm, Friedmar"]
[Black "Keller, Peter"]
[Result "1/2-1/2"]
[WhiteElo "2272"]
[BlackElo "2048"]
[PlyCount "64"]
[EventDate "2014.05.29"]

1. c4 e5 2. g3 Nf6 3. Bg2 Nc6 4. Nc3 Bc5 5. e3 d5 6. Nxd5 Nxd5 7. cxd5 Nb4 8.
Qb3 c6 9. Ne2 Nxd5 10. O-O O-O 11. d4 exd4 12. Nxd4 Bxd4 13. exd4 Nb6 14. Qd3
Be6 15. Re1 Qd7 16. Be3 Bd5 17. f3 Nc4 18. Bc1 Rfe8 19. Rxe8+ Rxe8 20. b3 Nd6
21. Be3 Qf5 22. Qxf5 Nxf5 23. Bf2 Re2 24. g4 Ne3 25. Re1 Rxe1+ 26. Bxe1 f5 27.
h3 Nc2 28. Bc3 g5 29. Kf2 f4 30. Bf1 Bf7 31. Bd3 Ne3 32. Bd2 Nd5 1/2-1/2

[Event "8. Wunsiedel Schach-Festival Meisterturn"]
[Site "Wunsiedel"]
[Date "2014.05.31"]
[Round "5.25"]
[White "Spitzl, Bertram"]
[Black "Röttig, Hans-Peter"]
[Result "1-0"]
[WhiteElo "2223"]
[BlackElo "2084"]
[PlyCount "77"]
[EventDate "2014.05.29"]

1. b3 e5 2. Bb2 Nc6 3. e3 d5 4. Nf3 e4 5. Ng1 Nf6 6. f4 Bg4 7. Be2 Bf5 8. Bb5
Bc5 9. Ne2 O-O 10. Bxc6 bxc6 11. Nbc3 Re8 12. Na4 Bd6 13. a3 c5 14. O-O Qe7 15.
Qe1 Bd7 16. Kh1 Rab8 17. Bc3 Bb5 18. Rg1 Ng4 19. h3 f5 20. g3 Nf6 21. Nb2 Qf7
22. g4 d4 23. exd4 e3 24. d3 fxg4 25. dxc5 Bc6+ 26. Kh2 Bxc5 27. Nc4 Bf3 28.
Bxf6 Qxf6 29. hxg4 Re6 30. Kg3 Bxg4 31. Kxg4 Qg6+ 32. Kf3 Qh5+ 33. Rg4 Rf8 34.
Qh4 Qd5+ 35. Kg3 Rff6 36. Qg5 Qxg5 37. Rxg5 Be7 38. Re5 Rxe5 39. Nxe5 1-0

[Event "8. Wunsiedel Schach-Festival Meisterturn"]
[Site "Wunsiedel"]
[Date "2014.05.31"]
[Round "6.5"]
[White "Lampert, Jonas"]
[Black "Vovk, Andrey"]
[Result "1-0"]
[WhiteElo "2397"]
[BlackElo "2622"]
[PlyCount "51"]
[EventDate "2014.05.29"]

1. d4 Nf6 2. c4 g6 3. Nc3 d5 4. cxd5 Nxd5 5. Bd2 Bg7 6. e4 Nxc3 7. Bxc3 c5 8.
d5 Bxc3+ 9. bxc3 Qa5 10. Qd2 Nd7 11. Nf3 Nf6 12. Bd3 c4 13. Bc2 O-O 14. O-O Qc5
15. e5 Nxd5 16. Qh6 f6 17. Bxg6 hxg6 18. Qxg6+ Kh8 19. Rae1 Nxc3 20. Qh6+ Kg8
21. Qg6+ Kh8 22. Re3 Qd5 23. Qh6+ Kg8 24. Nd4 Qxd4 25. Qg6+ Kh8 26. Qh5+ 1-0